Géographie de l'Italie. - Statistiques

Statistiques générales
  • Ce quiz a été pris 503 fois
  • Le résultat moyen est 13 sur 19
Statistiques - réponses
Questions Réponses % Correct
Avec quel pays l'Italie a-t-elle sa plus longue frontière? Suisse
97%
Quelle est la plus grande région italienne? Sicile
94%
Comment se nomment les deux plus grandes îles italiennes? Sicile
94%
Sardaigne
93%
Quel pays enclavé dans son territoire abrite la résidence du pape? Vatican
92%
Quelle est la deuxième plus grande ville italienne par sa population? Milan
89%
Dans quel massif se situe-t-il? Alpes
88%
Quels différentes mers présentes dans la Méditerranée bordent l'Italie? Mer {Adriatique}
82%
Quel est le point culminant de l'Italie? Le Mont-{Blanc}
80%
Avec quel pays l'Italie possède-t-elle sa frontière la plus orientale? Slovénie
78%
Quels sont les deux plus grands fleuves d'Italie?
72%
Quelle est la plus grande ville insulaire italienne? Palerme
71%
Combien de région contient l'Italie? 20
65%
Quel fleuve traverse la capitale italienne? Tibre
63%
Mer {Ionienne}
46%
Quel est le plus grand lac italien? Lac de {Garde}
41%
Mer {Tyrrhénienne}
31%
Mer {Ligure}
15%
Adige
9%
Aucun quiz correspondant
Distribution des résultats
% des personnes avec chaque résultat
Percentile par nombre de réponses
Votre historique - résultats
Vous n’avez pas pris ce quiz